000
00206nam a2200109Ia 4500
100
_a
#N/A
942
_c
BK
245
_a
digit July 2013 Computex alpha
260
_b
#N/A
546
_a
ENGLISH
999
_c
20588
_d
20588